Engineering Drawing (Record no. 348821)

MARC details
000 -LEADER
fixed length control field 00491nam a2200181Ia 4500
008 - FIXED-LENGTH DATA ELEMENTS--GENERAL INFORMATION
fixed length control field 230718s9999 xx 000 0 und d
020 ## - INTERNATIONAL STANDARD BOOK NUMBER
International Standard Book Number 9788183714228
041 ## - LANGUAGE CODE
Language code of text/sound track or separate title eng
082 ## - DEWEY DECIMAL CLASSIFICATION NUMBER
Classification number 604.2
Item number NAR
100 ## - MAIN ENTRY--PERSONAL NAME
Personal name Narayana K.L.
9 (RLIN) 140862
245 ## - TITLE STATEMENT
Title Engineering Drawing
250 ## - EDITION STATEMENT
Edition statement 3rd ed.
260 ## - PUBLICATION, DISTRIBUTION, ETC. (IMPRINT)
Date of publication, distribution, etc. 2016
Name of publisher, distributor, etc. Scitech Publications
300 ## - PHYSICAL DESCRIPTION
Extent 875
365 ## - TRADE PRICE
Currency code Rs.
Price amount 585.00
700 ## - ADDED ENTRY--PERSONAL NAME
Personal name Narayana K.L. & Kannaiah P.
9 (RLIN) 188142
906 ## - LOCAL DATA ELEMENT F, LDF (RLIN)
d O:0620330-Oct-2018B:461926-Oct-2018
c BSH
b 1170
Holdings
Withdrawn status Lost status Damaged status Not for loan Home library Current library Date acquired Vendor Budget Code Cost, normal purchase price Bill number Total Checkouts Full call number Barcode Date last seen Date last checked out Discount Cost, replacement price Bill Date Koha item type Original Barcode
        Cummins College of Engineering for Women Pune Cummins College of Engineering for Women Pune 30/10/2018 Technical Book Services BSH 438.75 4619 1 604.2 CCEP-BK-60028 08/12/2025 26/11/2025 1170 585.00 26/10/2018 Books 060028